000 00500nam a2200157Ia 4500
999 _c18179
_d18179
003 OSt
005 20200606120052.0
008 190216s9999||||xx |||||||||||||| ||und||
040 _cMESKC library
082 _a448.242
_bVID/F
100 _aVidyalankar, Satyaketu
_9453
245 0 _aFrench Swayam Shikshak = French Self Taught /
_cSatyaketu Vidyalankar
260 _bGarima Prakashan,
_aNew Delhi:
_c1986.
300 _a334p
942 _cBK
_2ddc
_h448.242
_iVID/F
_k448.242
_mVID/F